00951nam a22002775a 450000500170000000800410001701000140005802000270007203500130009903700130011204000080012508200170013310000250015024500750017525000060025026000360025627000750029230000290036750000190039665000240041565000280043970000090046794200310047699900170050795201490052420080522115808.0080520s2008 nyu 000 0 eng  aENG-97828 c1000.00a9788178311838 aEN-81361 bDBAD/PUB aDPL a305.56880954 92856aKrishnan, P.S. aEmpowering dalits for empowering India a road- map /cby P.S. Krishnan a. aDelhibManak Publicationsc2009 aB-7, Saraswati Complex, Subhash Chwok, Laxmi Nagar,bNew Delhie110092 axxxii, 544p.b23cm. (Hb) aIncludes index aSongs, Hindi.94279 aHindustani music.91187 94392 2ddccENmKRIh305.56880954 c38803d38803 00102ddc40718NFICaDBADbDBADd2010-08-02eDBAD/PUBg1000.00l0o305.56880954 KRIpEN-81361r2010-08-02 00:00:00t1v1000.00w2010-08-02yEN